009930000a22002410004500003001100000005001700011008004100028020001400069040003900083041000800122082001600130245007700146260006100223300002700284505015400311650003100465650002800496650002500524942000700549952009100556952009100647999001300738LK-CoMWRAF20240118100427.0230817t1989 ||||| |||| 00| 0 eng d a955905200 aLK-CoMWRAFdLK-CoMWRAFeLK-CoMWRAF aeng a305.42bHID aThe Hidden face of development : bwomen, work and equality in Sri Lanka a[Colombo]:bCentre for Women's Research (CENWOR), c1989 a 103 p. : maps ; 25 cm aSome of the papers presented at the first National Convention on Women's Studies organized by the Centre for Women's Research (CENWOR) in March, 1989 aWOMEN EMPLOYMENT-Sri Lanka aWomen-Social conditions aWomen in development cBK 00104070aMAINbMAINd2023-08-17l0o305.42 HIDpRAF3230r2023-08-17w2023-08-17yBK 00104070aMAINbMAINd2024-01-18l0o305.42 HIDpRAF4766r2024-01-18w2024-01-18yBK c398d398